| 000 | 00591nam a22001817a 4500 | ||
|---|---|---|---|
| 003 | OSt | ||
| 005 | 20180519055959.0 | ||
| 008 | 180226b xxu||||| |||| 00| 0 spa d | ||
| 020 | _a9703222706 | ||
| 040 | _cPJT | ||
| 100 |
_9598 _aHerdegen, Matthias |
||
| 245 | 1 | 0 |
_aDerecho internacional público / _cMatthias Herdegen. |
| 260 |
_aMéxico : _bUniversidad Nacional Autónoma de México, _bFundación Konrad Adenauer, _c2005. |
||
| 300 |
_a439 p. _c22 cm. |
||
| 504 | _aBibliografía: p. 435-439. | ||
| 650 | 0 |
_9331 _aDERECHO INTERNACIONAL PUBLICO |
|
| 942 |
_2udc _cLIB _h341.1/.8 _iHER |
||
| 999 |
_c466 _d466 |
||